Cargo theft, loss prevention, and supply chain security / (Record no. 3262)

000 -LEADER
fixed length control field 03456cam a2200505 a 4500
006 - FIXED-LENGTH DATA ELEMENTS--ADDITIONAL MATERIAL CHARACTERISTICS--GENERAL INFORMATION
fixed length control field m o d
007 - PHYSICAL DESCRIPTION FIXED FIELD--GENERAL INFORMATION
fixed length control field cr cnu---unuuu
008 - FIXED-LENGTH DATA ELEMENTS--GENERAL INFORMATION
fixed length control field 120601s2013 xx ob 001 0 eng d
020 ## - INTERNATIONAL STANDARD BOOK NUMBER
International Standard Book Number 9780124160071
Qualifying information (electronic bk.)
020 ## - INTERNATIONAL STANDARD BOOK NUMBER
International Standard Book Number 0124160077
Qualifying information (electronic bk.)
020 ## - INTERNATIONAL STANDARD BOOK NUMBER
International Standard Book Number 9780123914682
020 ## - INTERNATIONAL STANDARD BOOK NUMBER
International Standard Book Number 012391468X
040 ## - CATALOGING SOURCE
Original cataloging agency IMU Kochi Library
Language of cataloging eng
041 0# - LANGUAGE CODE
Language code of text/sound track or separate title eng
082 04 - DEWEY DECIMAL CLASSIFICATION NUMBER
Classification number 658.4/73
Edition number 23
100 1# - MAIN ENTRY--PERSONAL NAME
Personal name Burges, Dan.
245 10 - TITLE STATEMENT
Title Cargo theft, loss prevention, and supply chain security /
260 ## - PUBLICATION, DISTRIBUTION, ETC. (IMPRINT)
Place of publication, distribution, etc [Place of publication not identified] :
Name of publisher, distributor, etc Butterworth-Heinemann,
Date of publication, distribution, etc �2013.
300 ## - PHYSICAL DESCRIPTION
Extent 1 online resource
520 ## - SUMMARY, ETC.
Summary, etc You need to determine your company's risk and mitigate their losses. There's little information out there that tells you how to do this, on which methods of predicitve cargo theft modeling to use, and how to develop prevention solutions. Part history of cargo theft, part analysis and part how-to guide, this book is the one source you need to in order to understand every facet of cargo theft and take steps to prevent losses. It supplies a massive amount of cargo theft statistics and provides solutions and best practices to supply chain security. Providing you with cutting-edge techniques so you can prevent losses, this book will help you ensure that your cargo is secure at every stage along the supply chain. . Outlines steps you can take to identify the weakest links in the supply chain and customize a security program to help you prevent thefts and recover losses . Offers detailed explanations of downstream costs in a way that makes sense - including efficiency losses, customer dissatisfaction, product recalls and more - that dramatically inflate the impact of cargo theft incidents. . Provides a complete methodology for use in creating your own customized supply chain security program as well as in-depth analysis of commonly encountered supply chain security problems.
504 ## - BIBLIOGRAPHY, ETC. NOTE
Bibliography, etc Includes bibliographical references and index.
505 0# - FORMATTED CONTENTS NOTE
Formatted contents note Cargo theft 101 -- Cargo theft defined -- Risk vs. reward -- Organized criminal groups -- The black market -- International cargo theft -- Product targeting -- High tech -- Pharmaceuticals -- The true impact of cargo theft -- Determining risk -- Roles and responsibilities -- Physical security -- In-transit security -- Active monitoring -- Air cargo security -- Rail and pipeline security -- Cargo theft task forces and organizations -- Beyond security.
650 #0 - SUBJECT ADDED ENTRY--TOPICAL TERM
Topical term or geographic name as entry element Cargo theft
General subdivision Prevention.
650 #0 - SUBJECT ADDED ENTRY--TOPICAL TERM
Topical term or geographic name as entry element Cargo theft.
650 #0 - SUBJECT ADDED ENTRY--TOPICAL TERM
Topical term or geographic name as entry element Business logistics.
650 #6 - SUBJECT ADDED ENTRY--TOPICAL TERM
Topical term or geographic name as entry element Vol de marchandises.
650 #6 - SUBJECT ADDED ENTRY--TOPICAL TERM
Topical term or geographic name as entry element Logistique (Organisation)
650 #7 - SUBJECT ADDED ENTRY--TOPICAL TERM
Topical term or geographic name as entry element BUSINESS & ECONOMICS
General subdivision Corporate Governance.
Source of heading or term bisacsh
650 #7 - SUBJECT ADDED ENTRY--TOPICAL TERM
Topical term or geographic name as entry element BUSINESS & ECONOMICS
General subdivision Leadership.
Source of heading or term bisacsh
650 #7 - SUBJECT ADDED ENTRY--TOPICAL TERM
Topical term or geographic name as entry element BUSINESS & ECONOMICS
General subdivision Organizational Development.
Source of heading or term bisacsh
650 #7 - SUBJECT ADDED ENTRY--TOPICAL TERM
Topical term or geographic name as entry element BUSINESS & ECONOMICS
General subdivision Workplace Culture.
Source of heading or term bisacsh
650 #7 - SUBJECT ADDED ENTRY--TOPICAL TERM
Topical term or geographic name as entry element Business logistics
Source of heading or term fast
650 #7 - SUBJECT ADDED ENTRY--TOPICAL TERM
Topical term or geographic name as entry element Cargo theft
Source of heading or term fast
650 #7 - SUBJECT ADDED ENTRY--TOPICAL TERM
Topical term or geographic name as entry element Cargo theft
General subdivision Prevention
Source of heading or term fast
852 ## - LOCATION/CALL NUMBER
Location IMU Kochi Library
856 40 - ELECTRONIC LOCATION AND ACCESS
Uniform Resource Identifier <a href="https://www.sciencedirect.com/science/book/9780124160071">https://www.sciencedirect.com/science/book/9780124160071</a>
904 ## - LOCAL DATA ELEMENT D, LDD (RLIN)
CATALOGER Rudra Ranjan
905 ## - LOCAL DATA ELEMENT E, LDE (RLIN)
VERIFIER Rudra Ranjan
942 ## - ADDED ENTRY ELEMENTS (KOHA)
Item type E-Book
338 ## -
-- online resource
650 #6 - SUBJECT ADDED ENTRY--TOPICAL TERM
-- (CaQQLa)201-0225467
650 #6 - SUBJECT ADDED ENTRY--TOPICAL TERM
-- (CaQQLa)201-0024063
650 #7 - SUBJECT ADDED ENTRY--TOPICAL TERM
-- (OCoLC)fst00842759
650 #7 - SUBJECT ADDED ENTRY--TOPICAL TERM
-- (OCoLC)fst00847417
650 #7 - SUBJECT ADDED ENTRY--TOPICAL TERM
-- (OCoLC)fst00847418

No items available.



Copyright © All Rights Reserved by Indian Maritime University, Kochi Campus.
For any Suggestions/Query Contact to library or Email: library.kochi@imu.ac.in Ph:(0484)-2989402
(Web OPAC Designed by Rudra Ranjan. Maintained by IMU Kochi Library)

Powered by Koha